000 00858cam a2200253 a 4500
001 000011281
005 20200929162416.0
008 971027s1997 mx a b 001 0 spa
020 _a9683909523
040 _aDO-SdBNP
_cDLC
043 _an-mx---
082 _a615.856
_bC198n
100 1 _aCampos Navarro, Roberto.
_d1951-
_926869
245 1 0 _aNosotros los curanderos /
_cRoberto Campos-Navarro.
260 _aMéxico :
_bNueva Imagen,
_c1997.
300 _axi, 316 p. ; :
_bil. ;
_c23 cm.
500 _a"Experiencias de una curandera tradicional en el México de hoy"--Half t.p.
504 _aIncluye referencias bibliográficas (p. 305-316).
650 4 _aCuranderos
_zMéxico.
_926870
650 4 _aMedicina tradicional
_zMéxico.
_926871
600 1 0 _aMartínez, Marina,
_d1935-
_926872
910 _aCatalogación por copia / LC
049 _aBNGR
999 _c10998
_d10998